| 000 | 00629nam a2200205Ia 4500 | ||
|---|---|---|---|
| 008 | 191130s2004##################000#0#eng## | ||
| 020 | _a9788129200884 | ||
| 022 | _a27021559 | ||
| 040 |
_aACL _cACL |
||
| 082 | _a133.5 FIR | ||
| 100 | _aFrith, Henry | ||
| 245 | _aThe language of the hand, being a concise exposition of the principles and practice of the art of reading the hand | ||
| 260 |
_aNew Delhi _bCosmo _c2004 |
||
| 300 | _a159 p. incl. front., illus., plates. 18 cm | ||
| 650 | _aPalmistry | ||
| 700 | _aHeron-Allen, Edward | ||
| 990 | _a57adae78ac10000c0f6aa942a6110c56 | ||
| 991 | _a172181 | ||
| 999 |
_c55691 _d55691 |
||